Normal view
MARC view
Entry Topical Term
001 - CONTROL NUMBER
- control field: 81382
003 - CONTROL NUMBER IDENTIFIER
- control field: dpl
005 - DATE AND TIME OF LATEST TRANSACTION
- control field: 20250523151514.0
008 - FIXED-LENGTH DATA ELEMENTS
- fixed length control field: 250523|| aca||aabn | a|a d
040 ## - CATALOGING SOURCE
- Original cataloging agency: dpl
- Transcribing agency: dpl
150 ## - HEADING--TOPICAL TERM
- Topical term or geographic name as entry element: India -- Politics and government -- 1947-
670 ## - SOURCE DATA FOUND
- Source citation: Work cat.: (dpl)211407: India:, 2021
